| 000 | 01353cam a2200325 a 4500 | ||
|---|---|---|---|
| 001 | 15025708 | ||
| 005 | 20201128020723.0 | ||
| 008 | 070927s2008 maua b 001 0 eng | ||
| 010 | _a 2007040349 | ||
| 020 | _a9780071263634 (alk. paper) | ||
| 020 | _a0071263632 (alk. paper) | ||
| 035 | _a(OCoLC)ocn173509457 | ||
| 035 |
_a(OCoLC)173509457 _z(OCoLC)156810217 |
||
| 040 |
_aDLC _cDLC _dBTCTA _dYDXCP _dBAKER _dC#P _dBWX _dDLC |
||
| 043 | _an-us--- | ||
| 050 | 0 | 0 |
_aHF5415.13 _b.L395 2008 |
| 082 | 0 | 0 |
_a658.802 _222 _bLEH |
| 100 | 1 |
_aLehmann, Donald R. _92979 |
|
| 245 | 1 | 0 |
_aAnalysis for marketing planning / _cDonald R. Lehmann, Russell S. Winer. |
| 250 |
_a7th ed. _bMcGraw-Hill- International edition. |
||
| 260 |
_aBoston : _bMcGraw-Hill Irwin, _cc2008. |
||
| 300 |
_axii, 299 p. : _bill. ; _c24 cm. |
||
| 504 | _aIncludes bibliographical references and index. | ||
| 650 | 0 |
_aMarketing _zUnited States _xManagement. _92980 |
|
| 700 | 1 |
_aWiner, Russell S. _92981 |
|
| 856 | 4 | 2 |
_3Publisher description _uhttp://www.loc.gov/catdir/enhancements/fy0803/2007040349-d.html |
| 856 | 4 | 1 |
_3Table of contents only _uhttp://www.loc.gov/catdir/enhancements/fy0803/2007040349-t.html |
| 942 |
_2ddc _cBB |
||
| 999 |
_c11149 _d11149 |
||